|
|
|
|
| LEADER |
01066naa a2200241 i 4500 |
| 001 |
acta82372 |
| 005 |
20231121154950.0 |
| 008 |
231121s2023 hu o 1|| eng d |
| 020 |
|
|
|a 978-963-306-963-9
|
| 040 |
|
|
|a SZTE Egyetemi Kiadványok Repozitórium
|b hun
|
| 041 |
|
|
|a eng
|
| 100 |
1 |
|
|a Taranu Bogdan-Ovidiu
|
| 245 |
1 |
4 |
|a The corrosion behavior of Ag nanowires-modified graphite electrode in artificial sweat solution
|h [elektronikus dokumentum] :
|b [abstract] /
|c Taranu Bogdan-Ovidiu
|
| 260 |
|
|
|a University of Szeged
|b Szeged
|c 2023
|
| 300 |
|
|
|a 79
|
| 490 |
0 |
|
|a Proceedings of the International Symposium on Analytical and Environmental Problems
|v 29
|
| 650 |
|
4 |
|a Természettudományok
|
| 650 |
|
4 |
|a Kémiai tudományok
|
| 695 |
|
|
|a Elektrokémia - előadáskivonat
|
| 700 |
0 |
1 |
|a Ivanovici Madalina-Gabriela
|e aut
|
| 700 |
0 |
1 |
|a Banica Radu
|e aut
|
| 711 |
|
|
|a 29th International Symposium on Analytical and Environmental Problems
|c Szeged
|d 2023. november 13-14.
|
| 856 |
4 |
0 |
|u http://acta.bibl.u-szeged.hu/82372/1/proceedings_of_isaep_2023_079.pdf
|z Dokumentum-elérés
|